[Event "31st ch-BAN"]
[Site "Dhaka BAN"]
[Date "2005.02.02"]
[Round "6"]
[White "Islam,Kh"]
[Black "Hasan,Me"]
[Result "1-0"]
[WhiteElo "2287"]
[BlackElo "2282"]
[EventDate "2005.02.25"]

1. d4 d5 2. c4 c6 3. Nc3 Nf6 4. e3 a6 5. Nf3 b5 6. c5 Bg4 7. h3 Bxf3 8.
gxf3 Nbd7 9. f4 Ne4 10. Bd3 Nxc3 11. bxc3 e6 12. Qf3 f5 13. Qg2 Kf7 14. Bd2
Be7 15. Ke2 Rg8 16. h4 h5 17. a4 g6 18. Qh3 Qc7 19. Ra2 Rgb8 20. Rha1 Qd8
21. f3 bxa4 22. Rxa4 a5 23. R1a2 Bxh4 24. c4 Bf6 25. cxd5 exd5 26. Rxa5
Rxa5 27. Rxa5 Rb7 28. Qh1 Qe8 29. Kf2 Rb2 30. Qc1 Qb8 31. Ke1 h4 32. Ra1 h3
33. Rb1 h2 34. Ke2 Qh8 35. Qxb2 h1=Q 36. Rxh1 Qxh1 37. Qb7 Qg2+ 38. Kd1
Qxf3+ 39. Kc2 Ke8 40. Qxc6 Qh1 41. Qe6+ 1-0

[Event "31st ch-BAN"]
[Site "Dhaka BAN"]
[Date "2005.02.02"]
[Round "6"]
[White "Haque,R1"]
[Black "Abu Sufian,S"]
[Result "1/2-1/2"]
[WhiteElo "2175"]
[BlackElo "2270"]
[EventDate "2005.02.25"]

1. Nf3 d5 2. d3 Bf5 3. c3 c6 4. Nbd2 Nf6 5. Qc2 e6 6. e4 Bg6 7. Ne5 Nbd7 8.
Nxg6 hxg6 9. Nf3 Bd6 10. g3 Qc7 11. Bg2 O-O 12. O-O e5 13. h3 Rad8 14. Bg5
dxe4 15. dxe4 Nc5 16. Nd2 Be7 17. b4 Ne6 18. Be3 a6 19. a4 Nd7 20. Rfd1 a5
21. bxa5 Qxa5 22. Nc4 Qc7 23. a5 Bc5 24. Bxc5 Ndxc5 25. h4 f6 26. Bh3 Rxd1+
27. Rxd1 Rd8 28. f3 Kf7 29. Kf2 Ke7 30. Ke2 Rxd1 31. Qxd1 Qd8 32. Qxd8+
Nxd8 33. Bc8 Nde6 34. Kd2 Nc7 35. Kc2 Nb5 36. Nb6 Nd6 37. Bh3 Kd8 38. g4
Ne6 39. Bf1 g5 40. h5 Kc7 41. Kb3 Nc5+ 42. Kb4 Ne6 43. Na4 Kd7 44. Be2 Kc7
45. Nc5 Nxc5 46. Kxc5 Nc8 47. Kb4 Kd6 48. c4 Ne7 49. c5+ Kc7 50. Bc4 Nc8
51. Be6 Na7 52. Bc4 Nc8 1/2-1/2

[Event "31st ch-BAN"]
[Site "Dhaka BAN"]
[Date "2005.02.02"]
[Round "6"]
[White "Rahman,Zia"]
[Black "Abdulla,AlR"]
[Result "1-0"]
[WhiteElo "2523"]
[BlackElo "2454"]
[EventDate "2005.02.25"]

1. Nf3 Nf6 2. g3 d5 3. Bg2 c6 4. O-O Bg4 5. c4 e6 6. cxd5 exd5 7. d3 Bc5 8.
Qc2 Nbd7 9. h3 Bxf3 10. Bxf3 O-O 11. Bg5 h6 12. Bd2 Bb6 13. Nc3 Nc5 14. Na4
Ne6 15. e3 Bc7 16. Bg2 Re8 17. b4 h5 18. Nc5 Rb8 19. Rae1 h4 20. g4 Nxc5
21. bxc5 Ba5 22. Bxa5 Qxa5 23. g5 Nh5 24. Qd1 g6 25. d4 Ng7 26. Qg4 Nf5 27.
Re2 b6 28. Rc2 bxc5 29. Rxc5 Qxa2 30. Rxc6 Rb1 31. Qf4 Reb8 32. Qe5 1-0

[Event "31st ch-BAN"]
[Site "Dhaka BAN"]
[Date "2005.02.02"]
[Round "6"]
[White "Hasan Md,E"]
[Black "Hossain,Enam"]
[Result "0-1"]
[WhiteElo "2121"]
[BlackElo "2434"]
[EventDate "2005.02.25"]

1. e4 c5 2. d3 Nc6 3. Nc3 g6 4. f4 Bg7 5. Nf3 d6 6. g3 e6 7. Bg2 Nge7 8.
O-O O-O 9. Ne2 Rb8 10. c3 b6 11. g4 f5 12. gxf5 exf5 13. Ng5 h6 14. Nh3 Be6
15. Ng3 Qd7 16. exf5 Nxf5 17. Nxf5 Bxf5 18. Nf2 d5 19. Qf3 Rbd8 20. Bd2 Kh7
21. Rae1 Ne7 22. Re2 Ng8 23. Rfe1 Rf7 24. Qg3 a5 25. Bh3 c4 26. Bxf5 gxf5
27. Re6 Rf6 28. Qe3 d4 29. cxd4 Rxe6 30. Qxe6 Bxd4 31. Bc3 Qxe6 32. Rxe6
cxd3 33. Bxd4 Rxd4 34. Rxb6 d2 35. Nd1 Re4 36. Nc3 Re1+ 37. Kf2 d1=Q 38.
Nxd1 Rxd1 39. Ke3 Rd5 40. h4 Kg7 41. a3 Nf6 42. b4 axb4 43. axb4 Ne4 44. h5
Nf6 45. Rb7+ Kf8 46. b5 Nd7 47. b6 Rd6 48. Kf3 Ke7 49. Kg3 Rxb6 50. Ra7 Ke6
51. Kh4 Nf6 52. Rg7 Rb1 53. Rg6 Rh1+ 0-1

[Event "31st ch-BAN"]
[Site "Dhaka BAN"]
[Date "2005.02.02"]
[Round "6"]
[White "Uten"]
[Black "Reefat,S"]
[Result "1/2-1/2"]
[WhiteElo "2141"]
[BlackElo "2462"]
[EventDate "2005.02.25"]

1. d4 d5 2. c4 c6 3. Nc3 Nf6 4. Nf3 dxc4 5. a4 Bf5 6. e3 e6 7. Bxc4 Bb4 8.
O-O O-O 9. Bd2 Nbd7 10. e4 Bxc3 11. exf5 Bxd2 12. Qxd2 exf5 13. Qf4 g6 14.
Rfe1 Nb6 15. Bd3 Nbd5 16. Qh6 Ng4 17. Qd2 Qd6 18. h3 Ngf6 19. Ne5 Qb4 20.
Qg5 Qxd4 21. Bxf5 Qf4 22. Qxf4 Nxf4 23. Nd7 Nxd7 24. Bxd7 Rfd8 25. Bg4 Rd2
26. b4 Kf8 27. b5 Rad8 28. Bf3 R8d6 29. Ra3 Nd3 30. Re3 Nb4 31. Rab3 R2d4
32. bxc6 bxc6 33. Rec3 Ke7 34. Rc5 Kd8 35. Ra5 Rd7 36. Rc3 Rc7 37. g4 Ke7
38. Kg2 Kd6 39. Rac5 Rd3 40. R3c4 Rxf3 41. Kxf3 Nd3 42. Rxc6+ Rxc6 43. Rd4+
Kc5 44. Rxd3 a5 45. Rc3+ Kd5 46. Rb3 f6 47. Ke3 Kc4 48. Rb5 Rc5 49. Rb7 g5
50. f4 gxf4+ 51. Kxf4 h5 52. h4 Kc3 53. gxh5 Rxh5 54. Kg4 Rc5 55. h5 Rc4+
56. Kf5 Rxa4 57. Kxf6 Rh4 58. Kg5 Rh1 1/2-1/2

[Event "31st ch-BAN"]
[Site "Dhaka BAN"]
[Date "2005.02.02"]
[Round "6"]
[White "Rahman,SM"]
[Black "Murshed,N"]
[Result "0-1"]
[WhiteElo "2210"]
[BlackElo "2479"]
[EventDate "2005.02.25"]

1. e4 g6 2. d4 Bg7 3. Nc3 d6 4. Nf3 c6 5. a4 Nf6 6. Be2 O-O 7. O-O Nbd7 8.
h3 Qc7 9. Re1 e5 10. a5 exd4 11. Nxd4 Re8 12. Bc4 Nc5 13. f3 d5 14. exd5
Bxh3 15. Nde2 cxd5 16. Bf4 Qd8 17. Bxd5 Bf5 18. Bg3 Nxd5 19. Qxd5 Qxd5 20.
Nxd5 Bxb2 21. Rab1 Na4 22. Rxb2 Nxb2 23. Nf6+ Kf8 24. Nxe8 Rxe8 25. Nd4
Rxe1+ 26. Bxe1 Nc4 27. Bb4+ Ke8 28. Nb5 Bxc2 29. Nxa7 Ba4 30. Kf2 Kd7 31.
Ke2 Bc6 32. Kd3 Ne5+ 33. Kd4 f6 34. f4 Ng4 35. g3 Nf2 36. Be1 Nd1 37. Kc5
Bf3 38. Nb5 Ne3 39. Bd2 Ng4 40. Bc3 Nf2 41. Kd4 Bc6 42. Be1 Ne4 43. Nc3 Nd6
44. Ne2 Bf3 45. Nc3 Ke6 46. Na4 Kf5 47. Ke3 Bc6 48. Nc3 Kg4 49. Ne2 Nf5+
50. Kf2 Bf3 51. Ng1 Bd5 52. Ne2 Bc4 53. Nc3 Nxg3 54. Kg2 Nh5 0-1

[Event "31st ch-BAN"]
[Site "Dhaka BAN"]
[Date "2005.02.02"]
[Round "6"]
[White "Islam,AP"]
[Black "Ahmed,Mai"]
[Result "0-1"]
[WhiteElo "2198"]
[BlackElo "2143"]
[EventDate "2005.02.25"]

1. c4 e5 2. Nc3 Nf6 3. g3 c6 4. Bg2 Bb4 5. e4 d6 6. Nge2 O-O 7. O-O Be6 8.
d3 Nbd7 9. h3 Re8 10. Be3 Nb6 11. a3 Bxc3 12. Nxc3 d5 13. cxd5 cxd5 14.
Bxb6 axb6 15. exd5 Nxd5 16. Rc1 Nxc3 17. Rxc3 Qd7 18. Kh2 Rad8 19. Re1 Bf5
20. Qf3 Re7 21. Qe3 Re6 22. Rec1 h6 23. Be4 Rd6 24. Rc7 Qe6 25. Rxb7 Bxh3
26. Rcc7 Bf1 27. Rxf7 Qxf7 28. Rxf7 Kxf7 29. Qf3+ Kg8 30. Qd1 Bxd3 31. Qb3+
Kh8 32. Bxd3 Rxd3 33. Qxb6 e4 34. a4 Rd2 35. b4 Re8 36. Kh3 Rf8 37. Qe3
Rfxf2 38. Qxe4 Rde2 39. Qg6 Rf6 40. Qd3 Rff2 41. Qd5 Rd2 42. Qa8+ Kh7 43.
Qe4+ g6 44. Qe7+ Kg8 45. Qe8+ Kg7 46. Qe7+ Rf7 47. Qe5+ Kh7 48. a5 h5 49.
a6 Rff2 50. Kh4 Rde2 51. Qc7+ Kh6 52. g4 g5+ 53. Kg3 h4+ 54. Kh3 Rf3+ 0-1

[Event "31st ch-BAN"]
[Site "Dhaka BAN"]
[Date "2005.03.03"]
[Round "1"]
[White "Reefat,S"]
[Black "Abu Sufian,S"]
[Result "1/2-1/2"]
[WhiteElo "2462"]
[BlackElo "2270"]
[EventDate "2005.02.25"]

1. e4 c5 2. Nf3 d6 3. d4 cxd4 4. Nxd4 Nf6 5. Nc3 g6 6. Be3 Bg7 7. Be2 Nc6
8. Nb3 O-O 9. O-O Be6 10. f4 Qc8 11. Kh1 Rd8 12. Bg1 Bg4 13. Nd5 Bxe2 14.
Qxe2 e6 15. Nxf6+ Bxf6 16. c3 Qc7 17. Be3 Bg7 18. f5 exf5 19. exf5 Re8 20.
Qf2 Re5 21. fxg6 hxg6 22. Bf4 Re7 23. Nd2 Ne5 24. Qh4 Nd3 25. Bg3 Rae8 26.
Nf3 Re4 27. Qh3 Qe7 28. Rad1 Ne5 29. Bxe5 Bxe5 30. Rfe1 Rxe1+ 31. Rxe1 Kg7
32. Qg4 Qe6 33. Qxe6 Rxe6 34. a4 f5 35. g3 Kf6 36. Kg2 Re7 37. Nd2 Rc7 38.
Ra1 Rc5 39. Ra3 Ke6 40. Rb3 b6 41. Rb4 d5 42. Kf2 Rc7 43. Ke3 Bf6 44. Nf3
g5 45. h4 f4+ 46. gxf4 gxh4 47. f5+ Kxf5 48. Nxh4+ Ke6 49. Nf3 Rc4 50. Rxc4
dxc4 51. Ke4 a6 52. Nd2 1/2-1/2

[Event "31st ch-BAN"]
[Site "Dhaka BAN"]
[Date "2005.02.03"]
[Round "7"]
[White "Murshed,N"]
[Black "Islam,Kh"]
[Result "1/2-1/2"]
[WhiteElo "2479"]
[BlackElo "2287"]
[EventDate "2005.02.25"]

1. Nf3 d5 2. c4 e6 3. g3 Nf6 4. Bg2 Be7 5. b3 O-O 6. Bb2 c5 7. cxd5 Nxd5 8.
Nc3 Nxc3 9. Bxc3 Nc6 10. Qc2 Rb8 11. h4 Qd6 12. g4 Nd4 13. Bxd4 cxd4 14.
Qd3 Rd8 15. Ng5 g6 16. Ne4 Qe5 17. g5 Bd7 18. a4 Bc6 19. Kf1 Rbc8 20. Kg1
Qf4 21. Rh3 Rc7 22. Bf3 Rdc8 23. Qxd4 Bxe4 24. Qxe4 Qxd2 25. Kg2 Rc1 26.
Rh1 Rxa1 27. Rxa1 Rb8 28. e3 Qc3 29. Rd1 Qxb3 30. Rd7 Qb4 31. Qe5 Rf8 32.
Rxb7 Qc5 33. Qd4 a5 34. Rb5 Qc7 35. h5 Bb4 36. hxg6 hxg6 37. Rb7 Qc2 38.
Be4 Qc5 39. Qf6 Bc3 40. Qf4 Be5 41. Qg4 Bg7 42. Rb5 Qc7 43. Qf3 Rb8 44. Bb7
Bc3 45. Qe4 Qe7 46. Qf3 Bg7 47. Qe4 Qc7 48. Qc6 Qd8 49. Qe4 Bc3 50. Qf4 Bg7
51. Qf3 Bc3 52. Qg3 Bb4 53. Qe5 Bd6 54. Qd4 Qc7 55. Qe4 Bb4 56. Qf3 Qd8
1/2-1/2

[Event "31st ch-BAN"]
[Site "Dhaka BAN"]
[Date "2005.02.03"]
[Round "7"]
[White "Ahmed,Mai"]
[Black "Rahman,SM"]
[Result "0-1"]
[WhiteElo "2143"]
[BlackElo "2210"]
[EventDate "2005.02.25"]

1. d4 d5 2. c4 Bf5 3. cxd5 Bxb1 4. Rxb1 Qxd5 5. a3 Nc6 6. Nf3 O-O-O 7. e3
e5 8. Qc2 exd4 9. exd4 Nxd4 10. Nxd4 Qxd4 11. Be3 Qd5 12. Rc1 Rd7 13. f3
Nf6 14. Kf2 Bd6 15. Be2 Re8 16. Bxa7 Qa5 17. Bd4 Bf4 18. b4 Qh5 19. Bd3
Rxd4 20. Rcd1 Be3+ 21. Kf1 Qd5 22. Ke2 Bf4+ 23. Kf2 Rd8 24. Bf5+ Kb8 25.
Rxd4 Qxd4+ 26. Ke2 Qe3+ 27. Kf1 Rd2 0-1

[Event "31st ch-BAN"]
[Site "Dhaka BAN"]
[Date "2005.02.03"]
[Round "7"]
[White "Reefat,S"]
[Black "Islam,AP"]
[Result "1-0"]
[WhiteElo "2462"]
[BlackElo "2198"]
[EventDate "2005.02.25"]

1. e4 e5 2. Nf3 d6 3. d4 Nf6 4. Nc3 Nbd7 5. Bc4 Be7 6. O-O O-O 7. a4 a5 8.
b3 c6 9. Bb2 Qc7 10. Re1 h6 11. h3 Re8 12. dxe5 dxe5 13. Nh4 Nc5 14. Nf5
Bf8 15. Qf3 Nh7 16. Qg3 Kh8 17. f3 Be6 18. Bf1 Rad8 19. Rad1 f6 20. Bc1 Na6
21. Rxd8 Rxd8 22. Bxa6 bxa6 23. f4 Bb4 24. Rf1 Bxf5 25. exf5 Qb6+ 26. Be3
Bc5 27. Bxc5 Qxc5+ 28. Kh2 exf4 29. Rxf4 Ng5 30. Rf2 Re8 31. h4 Ne4 32.
Nxe4 Rxe4 33. c4 Qd4 34. Kh3 Re1 35. Qf4 Re4 36. Qg3 Re1 37. Rf4 Qd1 38.
Qf3 Qc1 39. Re4 Rh1+ 40. Kg3 Qd2 41. Qf4 Qxf4+ 42. Rxf4 Rb1 43. Rf3 Kg8 44.
Kf4 Kf7 45. Ke4 Rd1 46. Rd3 Rxd3 47. Kxd3 Ke7 48. Kd4 Kd6 49. c5+ Kd7 50.
Kd3 Kc7 51. g3 Kd7 52. Ke3 Ke7 53. Ke2 Kd8 54. Kf3 Ke7 55. Kg4 Kf8 56. Kf4
Ke7 57. Ke3 Kd7 58. Kd3 Kd8 59. Ke2 Ke8 60. Kf3 Ke7 61. Kg4 Kf8 62. Kh5 Kf7
63. g4 Kf8 64. Kg6 Kg8 65. g5 hxg5 66. hxg5 fxg5 67. Kxg5 Kf7 68. Kg4 Ke7
69. Kf3 Kf6 70. Kf4 Kf7 71. Kg5 Kf8 72. Kg6 1-0

[Event "31st ch-BAN"]
[Site "Dhaka BAN"]
[Date "2005.02.03"]
[Round "7"]
[White "Hossain,Enam"]
[Black "Uten"]
[Result "1-0"]
[WhiteElo "2434"]
[BlackElo "2141"]
[EventDate "2005.02.25"]

1. e4 e6 2. d4 d5 3. Nc3 Nf6 4. e5 Nfd7 5. f4 c5 6. Nf3 Nc6 7. Be3 cxd4 8.
Nxd4 Bb4 9. a3 Bxc3+ 10. bxc3 Nxd4 11. Bxd4 b6 12. Bd3 Qh4+ 13. g3 Qh3 14.
Qf3 Nc5 15. Bxc5 bxc5 16. Bb5+ Bd7 17. Bxd7+ Kxd7 18. c4 Rhd8 19. O-O-O
Rac8 20. cxd5 exd5 21. Rxd5+ Ke8 22. Rhd1 Rxd5 23. Qxd5 a5 24. Qb7 g6 25.
Rd6 c4 26. e6 1-0

[Event "31st ch-BAN"]
[Site "Dhaka BAN"]
[Date "2005.02.03"]
[Round "7"]
[White "Abu Sufian,S"]
[Black "Rahman,Zia"]
[Result "0-1"]
[WhiteElo "2270"]
[BlackElo "2523"]
[EventDate "2005.02.25"]

1. e4 g6 2. d4 Bg7 3. Nc3 d6 4. Be3 c6 5. Nf3 b5 6. Bd3 Nd7 7. Qd2 Ngf6 8.
h3 Qc7 9. a3 a6 10. Bh6 O-O 11. h4 Bxh6 12. Qxh6 Ng4 13. Qg5 Ndf6 14. h5 h6
15. Qf4 e5 16. dxe5 dxe5 17. Qg3 Nxh5 18. Rxh5 gxh5 19. O-O-O Qa7 20. Rf1
Kh7 21. Nxe5 h4 22. Qxh4 Nxe5 23. Rh1 Ng4 24. e5+ Kg7 25. Ne4 Rh8 26. f3
Bf5 27. Kb1 Bxe4 28. Qxg4+ Bg6 29. f4 Qe7 30. f5 Qxe5 31. fxg6 h5 32. Qd7
Qd5 33. Qb7 Rad8 34. Be4 Rd7 35. Bxd5 Rxb7 36. Bxf7 Rd7 37. Kc1 Rd4 38. g3
Rg4 39. Rh3 Rg5 40. b4 c5 41. Kb2 c4 42. Kc3 Rd8 43. a4 bxa4 44. Kxc4 Rc8+
45. Kd3 a3 46. c3 a5 47. Kd2 axb4 48. cxb4 Ra8 49. Ba2 Kxg6 50. Kc3 Rf5 51.
Kb3 Rf2 52. b5 Rb2+ 0-1

[Event "31st ch-BAN"]
[Site "Dhaka BAN"]
[Date "2005.02.05"]
[Round "8"]
[White "Islam,Kh"]
[Black "Haque,R1"]
[Result "1-0"]
[WhiteElo "2287"]
[BlackElo "2175"]
[EventDate "2005.02.25"]

1. d4 d6 2. Nf3 Bg4 3. c4 Nd7 4. Nc3 e5 5. e3 Ngf6 6. h3 Bh5 7. Be2 Be7 8.
b3 O-O 9. Bb2 Re8 10. O-O Bf8 11. Re1 c6 12. Nh2 Bxe2 13. Rxe2 e4 14. b4 d5
15. c5 b5 16. a4 a6 17. Bc1 Qc7 18. Rea2 Rab8 19. Bd2 g6 20. Ne2 Nh5 21.
Nc1 Rb7 22. axb5 axb5 23. Nb3 f5 24. Ra6 Nb8 25. Ra8 Qd7 26. R1a2 Ng7 27.
Qa1 Ne6 28. R2a7 Re7 29. Ra2 Nc7 30. R8a3 Ne6 31. Ra8 Nc7 32. R8a3 Ne6 33.
Nf1 g5 34. Ra8 Nc7 35. R8a7 Ne6 36. Rxb7 Qxb7 37. Qd1 Nd7 38. Ng3 Rf7 39.
Nh5 Ng7 40. Nxg7 Bxg7 41. Qh5 Bf6 42. h4 gxh4 43. Qxf5 Nf8 44. Qh3 Re7 45.
Be1 Ne6 46. Qf5 Kg7 47. f4 Nf8 48. Qg4+ Ng6 49. Kh2 Kh8 50. f5 Qc8 51. Kh3
1-0

[Event "31st ch-BAN"]
[Site "Dhaka BAN"]
[Date "2005.02.05"]
[Round "8"]
[White "Hasan Md,E"]
[Black "Abu Sufian,S"]
[Result "1-0"]
[WhiteElo "2121"]
[BlackElo "2270"]
[EventDate "2005.02.25"]

1. e4 c5 2. d3 Nc6 3. Nc3 g6 4. f4 Bg7 5. Nf3 d6 6. g3 e6 7. Bg2 Nge7 8.
O-O O-O 9. Ne2 Rb8 10. c3 b6 11. g4 f5 12. h3 Qe8 13. Ng3 e5 14. exf5 gxf5
15. g5 Be6 16. Nh4 b5 17. Nh5 Bh8 18. Kh2 Ng6 19. Qe1 c4 20. d4 e4 21. a3
a5 22. Be3 d5 23. Nxg6 hxg6 24. Ng3 Rf7 25. Rh1 b4 26. axb4 axb4 27. Kg1
bxc3 28. bxc3 Rfb7 29. h4 Bf7 30. h5 Ne7 31. hxg6 Bxg6 32. Bf1 Rb2 33. Be2
R8b6 34. Qf1 Qb8 35. Qh3 Bg7 36. Kf2 Rc2 37. Nh5 Bxh5 38. Qxh5 Rxc3 39.
Qh7+ Kf8 40. Rh6 Rcb3 41. Rf6+ Bxf6 42. gxf6 Rxf6 43. Qh8+ Kf7 44. Bh5+ Ke6
45. Ra6+ Qb6 46. Rxb6+ Rxb6 47. Qd8 Rd6 48. Qc7 Rc6 49. Qb8 Rh6 50. Be8 Rd6
51. Bc1 Rh3 52. Bf7+ Kd7 53. Qe8+ 1-0

[Event "31st ch-BAN"]
[Site "Dhaka BAN"]
[Date "2005.02.05"]
[Round "8"]
[White "Uten"]
[Black "Abdulla,AlR"]
[Result "0-1"]
[WhiteElo "2141"]
[BlackElo "2454"]
[EventDate "2005.02.25"]

1. d4 c5 2. e3 cxd4 3. exd4 d5 4. Nf3 Nf6 5. Bd3 Nc6 6. c3 Bg4 7. O-O Qc7
8. Nbd2 e6 9. Re1 Bd6 10. Qc2 O-O 11. a4 Rfc8 12. Qb1 Rab8 13. h3 Bh5 14.
g4 Bg6 15. Bxg6 hxg6 16. Qd3 Re8 17. Nf1 Ne4 18. Ng5 Nxg5 19. Bxg5 Na5 20.
Nd2 f6 21. Be3 Kf7 22. b4 Nc6 23. Nf3 Rh8 24. Kg2 Ne7 25. Re2 Qd7 26. Bd2
Rbe8 27. Rae1 Nc8 28. a5 Bb8 29. c4 dxc4 30. Qxc4 Nd6 31. Qb3 Nb5 32. Re4
a6 33. Bf4 Ba7 34. Qc4 Qd5 35. Qd3 Re7 36. Rc1 Rd8 37. Rc4 e5 38. Be3 Nd6
39. Nd2 Nxe4 0-1

[Event "31st ch-BAN"]
[Site "Dhaka BAN"]
[Date "2005.02.05"]
[Round "8"]
[White "Islam,AP"]
[Black "Hossain,Enam"]
[Result "0-1"]
[WhiteElo "2198"]
[BlackElo "2434"]
[EventDate "2005.02.25"]

1. Nf3 g6 2. e4 c5 3. d4 cxd4 4. Nxd4 Bg7 5. Be2 Nc6 6. Be3 Nf6 7. Nc3 O-O
8. O-O d6 9. f3 Bd7 10. Qd2 Qc8 11. Nd1 Ne5 12. Bh6 Bxh6 13. Qxh6 Qc5 14.
Qe3 Rfc8 15. b3 b5 16. c3 a5 17. h3 b4 18. c4 a4 19. Nb2 axb3 20. axb3 Ra3
21. Rxa3 bxa3 22. Nd3 Nxd3 23. Bxd3 Rb8 24. Kf2 Nh5 25. Ra1 Nf4 26. Bf1 Ne6
27. Nb5 Qe5 28. Ra2 Bxb5 29. cxb5 Nd4 30. Rxa3 Nxb5 31. Ra5 Qb2+ 32. Kg1
Nd4 33. Bc4 Nxb3 34. Ra7 Nd2 35. Bd5 Qb1+ 36. Kf2 Nf1 0-1

[Event "31st ch-BAN"]
[Site "Dhaka BAN"]
[Date "2005.02.05"]
[Round "8"]
[White "Rahman,SM"]
[Black "Reefat,S"]
[Result "0-1"]
[WhiteElo "2210"]
[BlackElo "2462"]
[EventDate "2005.02.25"]

1. e4 e6 2. d4 d5 3. Nc3 Nf6 4. e5 Nfd7 5. f4 c5 6. Nf3 Nc6 7. dxc5 Bxc5 8.
Bd3 a6 9. Qe2 h6 10. Bd2 b5 11. Nd1 Bb7 12. Nf2 Qe7 13. h4 Bb6 14. O-O-O b4
15. Kb1 Nc5 16. Rc1 O-O-O 17. Be3 Kb8 18. Rhf1 Ka7 19. g3 d4 20. Bd2 f5 21.
exf6 gxf6 22. Rfe1 Rhe8 23. Bg6 Rg8 24. h5 f5 25. g4 fxg4 26. Nxg4 Qg7 27.
Nfe5 a5 28. f5 exf5 29. Nxc6+ Bxc6 30. Qe7+ Qxe7 31. Rxe7+ Rd7 32. Rxd7+
Bxd7 33. Nxh6 Rf8 34. Rf1 Ne4 35. Be1 Nd6 36. b3 Bb5 37. Rf3 Bc6 38. Rf1
Be4 39. Bg3 d3 40. Bxd6 dxc2+ 41. Kc1 Be3+ 42. Kb2 c1=Q+ 43. Rxc1 Bd4+ 44.
Rc3 bxc3+ 0-1

[Event "31st ch-BAN"]
[Site "Dhaka BAN"]
[Date "2005.02.05"]
[Round "8"]
[White "Murshed,N"]
[Black "Ahmed,Mai"]
[Result "1-0"]
[WhiteElo "2479"]
[BlackElo "2143"]
[EventDate "2005.02.25"]

1. d4 Nf6 2. Nf3 d5 3. c4 c6 4. Nc3 Bf5 5. cxd5 cxd5 6. Qb3 Qb6 7. Nxd5
Nxd5 8. Qxd5 e6 9. Qb3 Bb4+ 10. Bd2 Nc6 11. e3 Rc8 12. a3 Bxd2+ 13. Nxd2
Qa5 14. Qb5 Qd8 15. Be2 O-O 16. Nc4 a6 17. Qc5 Qg5 18. g4 Rfd8 19. Nb6 Nxd4
20. Nxc8 Nc2+ 21. Kf1 Qh4 22. gxf5 Qh3+ 23. Kg1 Nxa1 24. Qc7 Rf8 25. Nd6
Nb3 26. Qc3 exf5 27. Qxb3 f4 28. Qd5 fxe3 29. Nf5 exf2+ 30. Kxf2 g6 31. Qf3
Qxf5 32. Qxf5 gxf5 33. Rg1+ Kh8 34. Rg5 Rg8 35. Rxf5 Kg7 36. Ke3 Re8+ 37.
Kd2 Re4 38. h3 Kg6 39. Rd5 f5 40. Bd3 Rf4 41. Ke3 Kg5 42. b4 b5 43. Rc5 h5
44. Rd5 1-0

[Event "31st ch-BAN"]
[Site "Dhaka BAN"]
[Date "2005.02.06"]
[Round "9"]
[White "Ahmed,Mai"]
[Black "Islam,Kh"]
[Result "1/2-1/2"]
[WhiteElo "2143"]
[BlackElo "2287"]
[EventDate "2005.02.25"]

1. d4 d5 2. c4 e6 3. Nc3 Be7 4. Nf3 Nf6 5. Bg5 h6 6. Bh4 O-O 7. e3 b6 8.
Qc2 Bb7 9. Bxf6 Bxf6 10. cxd5 exd5 11. Bd3 c5 12. dxc5 bxc5 13. O-O Qe7 14.
Rfe1 Nd7 15. Rad1 Nb6 16. Bf5 Rfe8 17. a4 Rad8 18. b3 g6 19. Bh3 c4 20. a5
cxb3 21. Qxb3 Nc4 22. Nd4 Nxa5 23. Qb5 Nc4 24. g3 Ba8 25. Bg2 Qd7 26. Qa6
Bg7 27. Re2 Bb7 28. Qxa7 Ra8 29. Qc5 Ra5 30. Qb4 Bf8 31. Qb1 Rea8 32. Ndb5
Nb6 33. Red2 Bc6 34. Bxd5 Nxd5 35. Nxd5 Qb7 36. Nbc7 Qxb1 37. Rxb1 Ra1 38.
Rdd1 Rxb1 39. Rxb1 Rd8 40. Nf4 Bd6 41. Rc1 Bf3 42. Nb5 Be5 43. Na7 Rd7 44.
Nb5 Kg7 45. h4 g5 46. hxg5 hxg5 47. Ng2 Rd2 48. Ne1 Be2 49. Na3 Rd5 50.
Nac2 Rc5 51. Rb1 Rd5 52. Kg2 Rd2 53. Rb4 g4 54. Nd4 Bxd4 55. Rxd4 Rb2 56.
Nd3 Bf3+ 57. Kf1 Rb1+ 58. Ne1 Kf6 59. Rd2 Ke5 60. Rd4 f6 61. Rd2 f5 62. Rd4
Ke6 63. Rd2 Kf6 64. Rd6+ Ke5 65. Rd2 Ke6 66. Rd4 Ra1 67. Rd2 Ke5 68. Rd4
Rc1 69. Rd2 Rb1 70. Rd4 Ra1 71. Rd2 Ke6 72. Rd4 Ke5 73. Rd2 Kf6 74. Rd4 Ke6
75. Rd2 Ke7 76. Rd4 Kf6 77. Rd2 Ke5 78. Rd4 Rb1 79. Rd2 Ke6 80. Rd4 Ke5
1/2-1/2

[Event "31st ch-BAN"]
[Site "Dhaka BAN"]
[Date "2005.02.06"]
[Round "9"]
[White "Reefat,S"]
[Black "Murshed,N"]
[Result "1/2-1/2"]
[WhiteElo "2462"]
[BlackElo "2479"]
[EventDate "2005.02.25"]

1. e4 c5 2. Nf3 e6 3. d4 cxd4 4. Nxd4 Nc6 5. Nc3 Qc7 6. Be2 a6 7. O-O Nf6
8. Be3 Bb4 9. Na4 Be7 10. Nxc6 bxc6 11. Nb6 Rb8 12. Nxc8 Qxc8 13. Bd4 Qc7
14. e5 Nd5 15. b3 a5 16. g3 O-O 17. c4 Nb4 18. Bf3 Na6 19. Re1 f5 20. Qc2
Bc5 21. Bb2 Qb6 22. Red1 Rb7 23. Bc3 Bb4 24. Bd4 Bc5 25. Bc3 Bb4 1/2-1/2

[Event "31st ch-BAN"]
[Site "Dhaka BAN"]
[Date "2005.02.06"]
[Round "9"]
[White "Hossain,Enam"]
[Black "Rahman,SM"]
[Result "1-0"]
[WhiteElo "2434"]
[BlackElo "2210"]
[EventDate "2005.02.25"]

1. e4 c5 2. Nf3 Nc6 3. d4 cxd4 4. Nxd4 e5 5. Nb5 d6 6. Be3 Be7 7. N1c3 a6
8. Nd5 Rb8 9. Bb6 Qd7 10. Nbc7+ Kf8 11. Be2 Bd8 12. c3 Nge7 13. Qd2 Nxd5
14. Nxd5 Ne7 15. Bxd8 Qxd8 16. Nxe7 Qxe7 17. O-O Be6 18. f4 f6 19. c4 Qc7
20. Kh1 Ke7 21. Rac1 Rhg8 22. Rc3 Qc5 23. Rg3 Rbc8 24. b3 b5 25. f5 Bf7 26.
cxb5 axb5 27. Rd1 Rc6 28. h3 b4 29. a3 bxa3 30. b4 Qa7 31. Rc3 Qc7 32. Rxa3
Rc8 33. b5 Rc2 34. Qe3 Rc3 35. Rxc3 Qxc3 36. Qa7+ Qc7 37. Ra1 d5 38. b6 Qd7
39. Bb5 1-0

[Event "31st ch-BAN"]
[Site "Dhaka BAN"]
[Date "2005.02.06"]
[Round "9"]
[White "Abdulla,AlR"]
[Black "Islam,AP"]
[Result "1-0"]
[WhiteElo "2454"]
[BlackElo "2198"]
[EventDate "2005.02.25"]

1. d4 Nf6 2. Bg5 Ne4 3. h4 c5 4. dxc5 Na6 5. Qd4 Nexc5 6. Nc3 h6 7. Be3 Qc7
8. O-O-O d6 9. g4 Bd7 10. Nf3 b5 11. g5 e5 12. Qd2 hxg5 13. Nd5 Qc6 14.
Nxg5 f6 15. Bg2 fxg5 16. Bxg5 Rc8 17. Rhg1 Bf5 18. Ne7 Nb3+ 19. axb3 Qxc2+
20. Qxc2 Rxc2+ 21. Kb1 Bxe7 22. e4 Rxf2 23. exf5 Nb4 24. Be3 Rxf5 25. Be4
Rf7 26. Bg6 Kf8 27. Rc1 Bd8 28. Rc8 Ke7 29. Bxf7 Kxf7 30. Bg5 Bxg5 31. Rxh8
Bh6 32. Ra8 e4 33. Rxa7+ Kf6 34. Rb7 Bd2 35. Rxb5 e3 36. Rg2 d5 37. Rxb4
Bxb4 38. Kc2 g6 39. Kd3 Be1 40. Kxe3 1-0

[Event "31st ch-BAN"]
[Site "Dhaka BAN"]
[Date "2005.02.06"]
[Round "9"]
[White "Hasan,Me"]
[Black "Hasan Md,E"]
[Result "1-0"]
[WhiteElo "2282"]
[BlackElo "2121"]
[EventDate "2005.02.25"]

1. e4 c5 2. Nf3 Nc6 3. d4 cxd4 4. Nxd4 Nf6 5. Nc3 d6 6. Bg5 g6 7. Bxf6 exf6
8. Be2 Be7 9. O-O O-O 10. Nd5 Be6 11. Nxe6 fxe6 12. Nf4 Qc8 13. Bc4 Nd8 14.
Bb3 Kh8 15. Qd3 g5 16. Ne2 e5 17. Ng3 Nc6 18. Nf5 Qc7 19. Rad1 Rad8 20. c3
Qd7 21. Rd2 a6 22. Rfd1 Qe8 23. Qe3 Qh5 24. Qb6 Rd7 25. Be6 Bd8 26. Qe3 Rc7
27. Rxd6 Nd4 28. Qd2 Nxe6 29. Rxe6 h6 30. Rd6 Be7 31. Rd3 Qg4 32. Qe1 Bc5
33. Nxh6 Qe6 34. b4 Rh7 35. Nf5 Ba7 36. Rd8 Kg8 37. Qd2 Qf7 38. Qd6 Rxd8
39. Qxd8+ Qf8 40. Qxf8+ Kxf8 41. Rd8+ Kf7 42. Rd7+ Kg8 43. Rxh7 Kxh7 44. c4
a5 45. a3 axb4 46. axb4 Bb8 47. c5 Kg8 48. Kf1 Kf7 49. Ke2 Ke6 50. Ke3 b5
51. cxb6 Kd7 52. b5 1-0

[Event "31st ch-BAN"]
[Site "Dhaka BAN"]
[Date "2005.02.06"]
[Round "9"]
[White "Haque,R1"]
[Black "Rahman,Zia"]
[Result "1/2-1/2"]
[WhiteElo "2175"]
[BlackElo "2523"]
[EventDate "2005.02.25"]

1. Nf3 Nf6 2. d3 g6 3. e4 Bg7 4. Bg5 h6 5. Bh4 O-O 6. c3 c5 7. Nbd2 Nc6 8.
Be2 Nh5 9. O-O Nf4 10. Re1 Nxe2+ 11. Qxe2 d6 12. Nc4 b5 13. Ne3 a5 14. d4
cxd4 15. Nxd4 Nxd4 16. cxd4 Bxd4 17. Qxb5 Ba6 18. Qa4 Bxb2 19. Rab1 Rb8 20.
Qc2 Bf6 21. Rxb8 Qxb8 22. Bxf6 exf6 23. Qd2 Qb4 24. Qxb4 axb4 25. Nd5 Rb8
26. Rb1 Bd3 27. Rb3 Bc2 28. Rb2 b3 29. f3 Kg7 30. axb3 Bxb3 31. Ne3 Rb5 32.
g4 Ba4 33. Rd2 h5 34. gxh5 Rg5+ 35. Kh1 Rxh5 36. Rxd6 Bb3 37. Nd5 Bxd5 38.
exd5 Rf5 39. Kg2 Kf8 40. Ra6 Kg7 41. Rd6 Rf4 42. Rd8 f5 43. Kf2 Ra4 44. Ke3
Ra3+ 45. Ke2 Kf6 46. Rd7 g5 47. h3 f4 48. d6 Re3+ 49. Kf2 Rd3 50. Ke2 Rd4
51. Ke1 Rd3 52. Ke2 Re3+ 53. Kf2 Re8 54. Ra7 Rd8 55. d7 Ke6 56. Kg2 Rxd7
57. Rxd7 Kxd7 58. h4 gxh4 59. Kh3 Ke6 60. Kxh4 Ke5 61. Kg5 f5 62. Kg6 Ke6
63. Kg5 1/2-1/2